Statistics for ALCS & NLCS MVPs Since 2000 (MLB)

Click here to take the quiz!

General Stats

  • This quiz has been taken 73 times
    (27 since last reset)
  • The average score is 27 of 48

Answer Stats

HintAnswer% Correct
2019 - HOU (2B)Jose Altuve
95%
2022 - PHI (DH)Bryce Harper
89%
2017 - HOU (SP)Justin Verlander
89%
2004 - STL (1B)Albert Pujols
84%
2004 - BOS (DH)David Ortiz
84%
2010 - TEX (OF)Josh Hamilton
84%
2020 - TAM (OF)Randy Arozarena
84%
2021 - HOU (DH)Yordan Alvarez
84%
2017 - LAD (OF & 3B)Chris Taylor / Justin Turner
79%
2016 - CHC (2B & SP)Javier Baez / Jon Lester
79%
2022 - HOU (SS)Jeremy Pena
79%
2014 - SFG (SP)Madison Bumgarner
79%
2009 - PHI (1B)Ryan Howard
79%
2023 - TEX (OF)Adolis Garcia
74%
2020 - LAD (SS)Corey Seager
74%
2011 - STL (3B)David Freese
74%
2019 - WAS (2B)Howie Kendrick
74%
2023 - ARI (2B)Ketel Marte
74%
2016 - CLE (RP)Andrew Miller
68%
2018 - LAD (OF)Cody Bellinger
68%
2018 - BOS (OF)Jackie Bradley Jr.
68%
2014 - KC (OF)Lorenzo Cain
68%
2003 - NYY (RP)Mariano Rivera
68%
2015 - KC (SS)Alcides Escobar
63%
2001 - NYY (SP)Andy Pettitte
63%
2015 - NYM (2B)Daniel Murphy
63%
2021 - ATL (OF)Eddie Rosario
63%
2003 - FLA (C)Ivan Rodriguez
63%
2005 - HOU (SP)Roy Oswalt
63%
2011 - TEX (DH)Nelson Cruz
58%
2009 - NYY (SP)CC Sabathia
53%
2008 - PHI (SP)Cole Hamels
47%
2013 - BOS (RP)Koji Uehara
47%
2007 - COL (OF)Matt Holliday
47%
2005 - CHW (1B)Paul Konerko
47%
2007 - BOS (SP)Josh Beckett
37%
2002 - LAA (2B)Adam Kennedy
26%
2001 - ARI (2B)Craig Counsell
26%
2013 - STL (SP)Michael Wacha
26%
2002 - SFG (C)Benito Santiago
21%
2012 - SFG (2B)Marco Scutaro
21%
2008 - TAM (SP)Matt Garza
21%
2012 - DET (OF)Delmon Young
16%
2006 - DET (2B)Placido Polanco
16%
2010 - SFG (OF)Cody Ross
11%
2000 - NYY (OF)David Justice
5%
2006 - STL (SP)Jeff Suppan
5%
2000 - NYM (SP)Mike Hampton
5%

Score Distribution

Percentile by Number Answered

Percent of People with Each Score

Your Score History

You have not taken this quiz since the last reset